| 000 | 00752nam a22001937a 4500 | ||
|---|---|---|---|
| 999 |
_c371262 _d371262 |
||
| 008 | 201127b ||||| |||| 00| 0 eng d | ||
| 040 |
_aDE-2950 _bger _cDE-2950 _erda |
||
| 041 | _ager | ||
| 245 |
_aHoffnung auf mehr Normalität. _bBildung: Die Weihnachtsferien laufen, das Jahr geht vorüber und eine Mutter aus Frankfurt blickt zurück auf den ersten Teil des Schuljahres 2021/2022 / _cLisa Mahlke |
||
| 264 | _c2021 | ||
| 653 | _aFrankfurt (Oder) | ||
| 653 | _aPandemie/ Corona | ||
| 653 | _aSchulen | ||
| 773 |
_dFrankfurt (Oder) Märkisches Verlags- und Druckhaus GmbH & Co KG _tMärkische Oderzeitung _g32. Jahrgang (2021) Nr. 299 vom 22.12.2021, S. 15 |
||
| 942 | _cA | ||